01527nam a2200349 a 4500001001000000003000900010005001700019007000300036008004100039040003000080082003000110100005700140245016300197246003500360250001100395264005400406300002800460336002700488337003500515338003000550500007200580504007300652590002600725651007800751700005300829700004700882700004800929910004000977942001201017952013101029999001701160000008559DO-SdBPM20260521132215.0ta090917s1999 dr r 001 0 spa d aDO-SdBPMbspacBPMSUerda04a972.9304bG216v, 19992221 aGarcía Lluberes, Alcidesd1889-19674aut. eautor 10a27 de febrero de 1844 :btres ensayos /cAlcides García Lluberes, Leonidas García Lluberes, Vetilo Alfau Durán ; prólogo Jaime de Jesús Domínguez.13aVeintisiete de febrero de 1844 a2a ed. aSanto Domingo :bLibrería La Trinitaria,c1999. a168 páginas ;c21 cm. atextobtxt2rdacontent asin mediación bn2rdamedia  avolumen bnc2rdacarrier  aIncluye datos biográficos de los autores en las página 157-168. aIncluye referencias bibliográficas y notas al pie de las páginas aInventariado, 2026/VM 7aRepública DominicanaxHistoriay1844-1930vEnsayos, conferencias, etc. 1 aGarcía Lluberes, Leonidas,d1882-1962.4autor 1 aAlfau Durán, Vetilio,d1909-1985eautor 1 aDomínguez, Jaime de Jesús,epról.ogo  aVMato V. Control de calidad. BPMSU  2ddccBK 00102ddc708CDaBPMETbBPMETd2017-11-13eBNPHUl0oBPMSU CD 972.9304 G216v, 1999pBPMSU17110180r2017-11-13w2017-11-13yBK c12874d12874